Tesoros de mi isla : (Record no. 16308)

MARC details
000 -LEADER
fixed length control field 02615cam a2200601Ii 4500
001 - CONTROL NUMBER
control field sjds834726
003 - CONTROL NUMBER IDENTIFIER
control field sjds
005 - DATE AND TIME OF LATEST TRANSACTION
control field 20161014132538.0
008 - FIXED-LENGTH DATA ELEMENTS--GENERAL INFORMATION
fixed length control field 160423s2016 flua c 000 0aspa d
020 ## - INTERNATIONAL STANDARD BOOK NUMBER
International Standard Book Number 9781631137457 (paperback)
020 ## - INTERNATIONAL STANDARD BOOK NUMBER
International Standard Book Number 163113745X (paperback)
035 ## - SYSTEM CONTROL NUMBER
System control number (OCoLC)947817251
035 ## - SYSTEM CONTROL NUMBER
System control number 824351
035 ## - SYSTEM CONTROL NUMBER
System control number (OCoLC)ocn947817251
035 ## - SYSTEM CONTROL NUMBER
System control number 824351
040 ## - CATALOGING SOURCE
Original cataloging agency BTCTA
Language of cataloging eng
Description conventions rda
Transcribing agency BTCTA
Modifying agency FOLLT
-- OCLCO
-- IFA
041 1# - LANGUAGE CODE
Language code of text/sound track or separate title spa
Language code of original eng
043 ## - GEOGRAPHIC AREA CODE
Geographic area code nwcu---
049 ## - LOCAL HOLDINGS (OCLC)
Holding library IFAA
099 ## - LOCAL FREE-TEXT CALL NUMBER (OCLC)
Classification number 92
Filing suffix 2016
999 ## - SYSTEM CONTROL NUMBERS (KOHA)
Koha Dewey Subclass [OBSOLETE] CHILDREN ESPANOL 92 ADA 2016
100 1# - MAIN ENTRY--PERSONAL NAME
Personal name Ada, Alma Flor,
Relator term author.
240 10 - UNIFORM TITLE
Uniform title <a href="Memoirs.">Memoirs.</a>
Form subheading Selections.
Language of a work Spanish
242 00 - TRANSLATION OF TITLE BY CATALOGING AGENCY
Title Island treasures :
Remainder of title growing up in Cuba.
Language code of translated title eng
245 00 - TITLE STATEMENT
Title Tesoros de mi isla :
Remainder of title una infancia Cubana : incluye los libros Allá donde florecen los framboyanes, Bajo las palmas reales (ganador del Premio Pura Belpré), y la nueva colección de relatos, Días en la Quinta Simoni /
Statement of responsibility, etc. Alma Flor Ada ; ilustraciones de Edel Rodríguez y Antonio Martorell.
260 ## - PUBLICATION, DISTRIBUTION, ETC. (IMPRINT)
Place of publication, distribution, etc. Miami, FL :
Name of publisher, distributor, etc. Loqueleo,
Date of publication, distribution, etc. [2016]
264 #1 - PRODUCTION, PUBLICATION, DISTRIBUTION, MANUFACTURE, AND COPYRIGHT NOTICE
Place of production, publication, distribution, manufacture Miami, FL :
Name of producer, publisher, distributor, manufacturer Loqueleo,
Date of production, publication, distribution, manufacture, or copyright notice [2016]
300 ## - PHYSICAL DESCRIPTION
Extent 225 pages :
Other physical details illustrations ;
Dimensions 22 cm
336 ## - CONTENT TYPE
Content type term text
Source rdacontent
337 ## - MEDIA TYPE
Media type term unmediated
Source rdamedia
338 ## - CARRIER TYPE
Carrier type term volume
Source rdacarrier
500 ## - GENERAL NOTE
General note Translated from the English.
505 00 - FORMATTED CONTENTS NOTE
Title Allá donde florecen los framboyanes --
-- Días en la Quinta Simoni --
-- Bajo las palmas reales.
546 ## - LANGUAGE NOTE
Language note Text in Spanish.
600 10 - SUBJECT ADDED ENTRY--PERSONAL NAME
Personal name Ada, Alma Flor
General subdivision Childhood and youth
Form subdivision Juvenile literature.
600 10 - SUBJECT ADDED ENTRY--PERSONAL NAME
Personal name Ada, Alma Flor
General subdivision Homes and haunts
Geographic subdivision Cuba
Form subdivision Juvenile literature.
600 17 - SUBJECT ADDED ENTRY--PERSONAL NAME
Personal name Ada, Alma Flor
General subdivision Ninez y juventud
Form subdivision Literatura juvenil.
Source of heading or term bidex
650 #0 - SUBJECT ADDED ENTRY--TOPICAL TERM
Topical term or geographic name as entry element Authors, American
Chronological subdivision 20th century
Form subdivision Biography
-- Juvenile literature.
650 #0 - SUBJECT ADDED ENTRY--TOPICAL TERM
Topical term or geographic name as entry element Authors, Cuban
Chronological subdivision 20th century
Form subdivision Biography
-- Juvenile literature.
650 #0 - SUBJECT ADDED ENTRY--TOPICAL TERM
Topical term or geographic name as entry element Cuban American women
Form subdivision Biography
-- Juvenile literature.
650 #0 - SUBJECT ADDED ENTRY--TOPICAL TERM
Topical term or geographic name as entry element Families
Geographic subdivision Cuba
Form subdivision Juvenile literature.
650 #7 - SUBJECT ADDED ENTRY--TOPICAL TERM
Topical term or geographic name as entry element Autores estadounidenses
Chronological subdivision Siglo XX
Form subdivision Biografia.
Source of heading or term bidex
650 #7 - SUBJECT ADDED ENTRY--TOPICAL TERM
Topical term or geographic name as entry element Autores,Cubana
Chronological subdivision Siglo XX
Form subdivision Biografia.
Source of heading or term bidex
650 #7 - SUBJECT ADDED ENTRY--TOPICAL TERM
Topical term or geographic name as entry element Familias
Geographic subdivision Cuba
Form subdivision Literatura juvenil.
Source of heading or term bidex
650 #0 - SUBJECT ADDED ENTRY--TOPICAL TERM
Topical term or geographic name as entry element Autobiographies
Form subdivision Juvenile literature.
651 #0 - SUBJECT ADDED ENTRY--GEOGRAPHIC NAME
Geographic name Cuba
General subdivision Social life and customs
Form subdivision Juvenile literature.
651 #0 - SUBJECT ADDED ENTRY--GEOGRAPHIC NAME
Geographic name Cuba
General subdivision Intellectual life
Form subdivision Juvenile literature.
651 #7 - SUBJECT ADDED ENTRY--GEOGRAPHIC NAME
Geographic name Cuba
General subdivision Vida social y costumbres
Form subdivision Literatura juvenil.
Source of heading or term bidex
651 #7 - SUBJECT ADDED ENTRY--GEOGRAPHIC NAME
Geographic name Cuba
General subdivision Vida intelectual
Form subdivision Literatura juvenil.
Source of heading or term bidex
700 1# - ADDED ENTRY--PERSONAL NAME
Personal name Rodriguez, Edel,
Relator term illustrator.
700 1# - ADDED ENTRY--PERSONAL NAME
Personal name Martorell, Antonio,
Dates associated with a name 1939-
Relator term illustrator.
942 ## - ADDED ENTRY ELEMENTS (KOHA)
Koha item type Libro/Book
Holdings
Withdrawn status Lost status Damaged status Not for loan Home library Current library Date acquired Total Checkouts Barcode Date last seen Price effective from Koha item type
        Sevadilla -- Satellite Sevadilla -- Satellite 14/10/2016   35400792 14/10/2016 14/10/2016 Libro/Book

Powered by Koha